| 000 | 00832cam a2200277 a 4500 | ||
|---|---|---|---|
| 001 | 16102254 | ||
| 005 | 20180202074624.0 | ||
| 008 | 100223s2010 njuab b 001 0 eng | ||
| 010 | _a 2010008073 | ||
| 020 | _a9781422477762 (hbk.) | ||
| 020 | _a1422477762 (hbk.) | ||
| 035 | _a(OCoLC)ocn528665997 | ||
| 040 |
_aDLC _cDLC _dZYF _dONS _dNDL _dDLC |
||
| 041 | _aeng | ||
| 042 | _apcc | ||
| 043 | _an-us--- | ||
| 080 | _a346.7304 | ||
| 082 | 0 | 0 |
_a346.7304 BUR _222 |
| 100 | 1 | _a14 | |
| 101 | _aSHP | ||
| 245 | 1 | 0 |
_aFundamentals of property law / _cby Barlow Burke, Ann M. Burkhart, R.H. Helmholz. |
| 504 | _aIncludes bibliographical references and index. | ||
| 906 |
_a7 _bcbc _corignew _d1 _eecip _f20 _gy-gencatlg |
||
| 942 |
_2ddc _cBK |
||
| 999 |
_c41658 _d41658 |
||